[Event "Bundesliga 1516"]
[Site "Germany"]
[Date "2016.04.09"]
[Round "12.8"]
[White "Mista, Aleksander"]
[Black "Graf, Felix"]
[Result "1-0"]
[WhiteElo "2589"]
[BlackElo "2479"]
[Annotator "Sadorra,J"]
[PlyCount "73"]
[EventDate "2015.09.18"]
[EventType "team-tourn"]
[EventRounds "15"]
[EventCountry "GER"]
[SourceTitle "CBM 172"]
[Source "ChessBase"]
[SourceDate "2016.05.12"]
[SourceVersion "1"]
[SourceVersionDate "2016.05.12"]
[SourceQuality "1"]
[WhiteTeam "Berlin SF"]
[BlackTeam "Trier"]
[WhiteTeamCountry "GER"]
[BlackTeamCountry "GER"]

1. e4 e6 2. d4 d5 3. Nd2 Nc6 {The Guimard Variation used to be a good surprise
weapon and I used to play it a lot myself, but these days it's no longer a
surprise for White players and there are various ways to obtain an edge
against it.} ({Here's a relevant line to compare the game with} 3... Be7 4.
Ngf3 Nf6 5. e5 Nfd7 6. Bd3 (6. Be2 c5 7. c3 Nc6 8. O-O O-O) 6... c5 7. c3 Nc6
8. O-O) 4. Ngf3 Nf6 5. e5 Nd7 6. Bd3 ({Other good continuations are} 6. c3) ({
and} 6. Nb3) 6... Nb4 (6... f6 {is supposed to be one of the main lines, but
is now considered very risky:} 7. Ng5 Ndxe5 8. dxe5 fxg5 9. Qh5+ g6 10. Bxg6+
Kd7 11. c4 Nxe5 12. Bc2 Qf6 (12... Bd6 13. O-O c6 14. b4 $1 Qe8 15. Qe2 $36 {
1-0 (42) Demchenko,A (2595)-Stupak,K (2531) St Petersburg RUS 2015}) 13. O-O
Bd6 14. b4 $1 Ng6 15. Nb3 $14 {1-0 (58) Pert,N (2569)-Rendle,T (2369)
Birmingham ENG 2015}) 7. Be2 c5 8. c3 Nc6 9. O-O Be7 {Now the position
transposes to Tarrasch 3...Be7 4.Ngf3 only here White has an extra tempo and
his B is on e2 rather than on e2 which I believe still favours White--see note
under move 3.} 10. Re1 Rb8 $6 $146 {I have a feeling Black came up with this
move over the board and tried to take White out of the standard positions. The
only idea I can see behind this move is that it prepares b5 after c4 but it's
too slow as we will see. From years of studying & playing the French, I
strongly believe the best plan for Black in this structure involves either a
break with f6 or pressure on d4.} (10... O-O 11. Bd3 f6 $5 {transposes to a
line in 3...Be7 4.Ngf3 where Black has equal chances.}) (10... Qb6 11. Nb3 $1 {
this is one of the plusses of having a B on e2} c4 {and after fixing the
centre, White can easily create play on the kingside.} 12. Nbd2 Qa5 13. Nf1 b5
14. Ng3 b4 15. Qd2 h6 16. h4 Nb6 17. Bd1 a6 18. Nh5 g6 19. Nf6+ Bxf6 20. exf6
Bb7 21. Qf4 $16 {1-0 (48) Misiano,F (2313)-Di Benedetto,E (2179) Lugano SUI
2015}) (10... a5 $5 11. Nf1 (11. Bb5 Qb6 12. a4 cxd4 13. c4 $13) 11... Qb6 $132
12. Ng3 O-O 13. Rb1 cxd4 14. cxd4 f6 $11) 11. dxc5 $1 {The most principled
reaction considering Black's king is still in the centre.} Nxc5 (11... Bxc5 12.
Bd3 O-O 13. Nb3 $16) (11... Ndxe5 12. Nxe5 Nxe5 13. b4 (13. Nf3 $5 Nxf3+ 14.
Bxf3 O-O 15. Bf4 $14) 13... O-O 14. Nb3 $14) 12. Nb3 $1 {Taking hold of d4.
White's energetic play renders Black's idea (...Rb8) useless.} Nxb3 13. axb3 a5
14. Ra4 $1 {A wonderful move, preparing to transfer to the kingside.} O-O 15.
Bd3 $40 {Slowly pointing everyone to Black's kingside.} (15. Rg4 {is a little
premature} f5 16. exf6 Bxf6 {[%cal Ge6e5,Rc8g4]}) 15... f5 {Almost forced
otherwise White plays Bb1, Qd3, Rg4 etc.} (15... b5 16. Rg4 f5 (16... Re8 17.
Ng5 $18) 17. exf6 Bxf6 18. Ng5 Bxg5 19. Rxg5 $16) 16. exf6 Bxf6 17. Qc2 $1 {
Provoking a weakening in the shelter for Black's king.} h6 (17... g6 18. Bxg6
hxg6 19. Qxg6+ Bg7 20. Rh4 Rf6 21. Qh7+ Kf8 22. Bg5 $18) 18. Bf4 $1 {Simple
and strong. White prevents e5 with tempo and prepares a decisive sac on h6.} b5
(18... Ra8 19. Qd2 $16) 19. Bxb8 bxa4 20. Bg3 axb3 21. Qxb3 {White is almost
winning as Black simply has too many weaknesses.} Rf7 22. Bb1 g5 {It's hard to
recommend anything else as White is coming with Qc2 and Black has no way to
even create counterplay.} 23. h3 $1 {Preventing g4 and introducing the idea
Nh2-g4.} Bd7 24. Nh2 Bg7 25. Qd1 $5 {Not letting Black play ...e5.} (25. Qc2 e5
26. Qh7+ Kf8 27. Ng4 Bxg4 28. hxg4 Qb6 (28... e4 $2 29. Rd1 $18) 29. Ba2 Ne7
30. Qc2 $16) 25... Qb6 26. Qd2 Ne7 27. Ng4 Nf5 28. Be5 $18 {Operation
domination successful!} a4 29. Bxg7 Kxg7 30. Ne5 Re7 31. Kh2 {Black can only
sit and wait for White to open up lines for his pieces.} Be8 {.} 32. f4 gxf4
33. Qxf4 Qxb2 34. Bxf5 exf5 35. Re3 Qb1 36. Rd3 Qe1 37. Rg3+ {A model game by
Mista on how to attack the French kingside, and a cautionary tale for Black on
playing slow, passive moves in the Tarrasch/Advance structure!} 1-0

[Event "Valle d'Aosta op 10th"]
[Site "Saint Vincent"]
[Date "2002.02.16"]
[Round "8"]
[White "Tiviakov, Sergei"]
[Black "Rogers, Ian"]
[Result "1-0"]
[WhiteElo "2614"]
[BlackElo "2555"]
[Annotator "Tiviakov,S"]
[PlyCount "97"]
[EventDate "2002.02.09"]
[EventType "swiss"]
[EventRounds "9"]
[EventCountry "ITA"]
[SourceTitle "CBM 086 Extra"]
[Source "ChessBase"]
[SourceDate "2002.03.14"]
[SourceVersion "1"]
[SourceVersionDate "2002.03.14"]
[SourceQuality "1"]

1. e4 e6 2. d4 d5 3. Nd2 Nc6 4. Ngf3 Nf6 5. e5 Nd7 6. Nb3 a5 7. a4 Be7 8. Bb5
Ncb8 (8... Na7 $142) 9. O-O (9. h4 $1 {-> >> - 28/221, 50/297}) 9... b6 {
[= 7...b6 8.Bb5 Ncb8 9.0-0 Be7]} 10. Qe2 $5 (10. Re1 $14) (10. Ne1 $14) 10...
O-O 11. Bd2 c6 12. Bd3 Ba6 13. Bxa6 (13. Rfd1 $5 {- 11...Ba6 12.Rfd1 c6 13.Bd3}
) 13... Nxa6 14. Rfc1 $146 (14. c4 Ra7 (14... dxc4 15. Qxc4 Ndb8 $13 {><d5})
15. Rfc1 Qa8 (15... dxc4 16. Rxc4 Ndb8 $13 {><d5}) 16. cxd5 cxd5 17. Qb5 Nb4
18. Bxb4 Bxb4 19. Rc2 Rc8 20. Rac1 Rxc2 21. Rxc2 h6 22. Nc1 Be7 23. Nd3 Bd8 24.
Nd2 Qb8 25. Nb1 Rc7 26. Rxc7 Qxc7 27. Nc3 {1/2-1/2 Johansson,G-Thorbergsson,F/
Reykjavik 1968/MCD (43)}) 14... Ndb8 (14... c5 15. dxc5 Ndxc5 $14 (15... Naxc5)
) 15. Ne1 c5 16. dxc5 Bxc5 (16... Nxc5 17. Nd4 $14) 17. Nxc5 Nxc5 18. Ra3 $1 {
(/\Rh3, /\Rg3 ->>>)} f5 (18... Nc6 19. Rh3 $40 {>>}) (18... Nbd7 19. Rh3 $36) (
18... Qe8 $5) (18... Qd7 $5) 19. exf6 Qxf6 20. Rf3 Qe7 (20... Qxb2 21. Nd3 $18)
21. Rxf8+ Qxf8 (21... Kxf8 22. Nd3 $14) 22. Nd3 Nbd7 23. b3 $14 Qf5 $2 (23...
Qf6) (23... Re8) 24. Nxc5 Nxc5 (24... bxc5 25. Qb5 $16 {><a5}) 25. Qb5 {
(><b6, a5)} Ne4 (25... Rb8 26. Bxa5 $16) 26. Be3 Rb8 27. c4 $2 (27. Qc6 $18 {
/\Bb6, /\Qc7, /\f3, ><b6}) (27. Bxb6 $5) 27... Qe5 $5 (27... dxc4 28. Qxc4 $16
(28. bxc4 $16)) 28. cxd5 Nc3 (28... Qxd5 $16) (28... exd5 29. Qc6 $16) 29. Qc4
Nxd5 30. Bd4 $16 {(><b6, e6)} Qe4 31. f3 Qg6 32. Be5 Re8 33. Re1 h6 34. h3 Kh7
35. Kh2 Re7 36. Re4 Qf5 37. Qc6 Qg5 $2 $138 (37... Qg6 $16) 38. Bd6 $18 Rf7 39.
Rxe6 Qf5 40. Bg3 Rf6 41. Rxf6 gxf6 42. Qe8 h5 43. Qf7+ Kh8 44. h4 Nc3 (44...
Nb4 $142) 45. Qf8+ Kh7 46. Qe7+ Kg6 47. Qd8 Nd5 48. Qg8+ Kh6 49. Bd6 1-0

[Event "Golden Cleopatra op 6th"]
[Site "Cairo"]
[Date "2002.04.13"]
[Round "7"]
[White "Tiviakov, Sergei"]
[Black "Vysochin, Spartak"]
[Result "1-0"]
[WhiteElo "2614"]
[BlackElo "2531"]
[Annotator "Tiviakov,S"]
[PlyCount "73"]
[EventDate "2002.04.07"]
[EventType "swiss"]
[EventRounds "11"]
[EventCountry "EGY"]
[SourceTitle "CBM 087 Extra"]
[Source "ChessBase"]
[SourceDate "2002.05.03"]
[SourceVersion "2"]
[SourceVersionDate "2002.08.09"]
[SourceQuality "1"]

1. e4 e6 2. d4 d5 3. Nd2 Nc6 4. Ngf3 Nf6 5. e5 Nd7 6. Nb3 a5 7. a4 Be7 8. Bb5
Na7 9. Be2 b6 (9... c5 10. dxc5 Nxc5 11. Nxc5 Bxc5 12. O-O $14) 10. O-O (10. h4
$14 {|^ >>}) 10... O-O 11. Be3 c5 12. c3 $146 (12. c4 cxd4 13. Nbxd4 Bb7 14.
cxd5 Bxd5 $13 15. Nf5 Nc6 16. Nxe7+ Qxe7 17. Rc1 Ncxe5 18. Nxe5 Nxe5 {0-1
Hmadi,S-Beliavsky,A/Tunis 1985/IZT (37)}) 12... Nc6 13. Ne1 Ba6 14. Bxa6 (14.
f4 $5) 14... Rxa6 15. f4 (15. Qe2) 15... f5 $6 (15... g6 $13) 16. exf6 Rxf6 17.
Qe2 Ra8 18. Nf3 $14 Qc7 19. Rac1 {(/\c4)} c4 20. Nbd2 b5 $6 (20... Bd6 $5) (
20... Raf8) 21. axb5 Na7 22. Bf2 $1 Rh6 $8 (22... Qxf4 23. Bh4 $18) (22... Nxb5
23. Bh4 Rf7 24. Qxe6 $18) 23. g3 Bd6 (23... Nxb5 24. f5 $5 $16) 24. Ne5 Nxb5
25. Ndf3 a4 $2 (25... Nxe5 $142 26. fxe5 (26. Nxe5 $5) 26... Be7 27. Be3 Rg6
$16 {צg6}) (25... Nf6 26. Ng5 $16) 26. Ng4 Rg6 27. Nh4 $18 Nf8 28. Nxg6 hxg6
29. Ne5 a3 30. bxa3 Rxa3 31. Be1 Qa7 32. Kh1 Rb3 33. Qg4 Qa3 34. Rd1 Nxc3 35.
Bxc3 Rxc3 36. Nxg6 Re3 37. f5 1-0